Geography Quiz

Random Geography or Blitz Quiz

Country Sorting Blitz Quiz Stats

 Plays Quiz Updated Jul 2, 2018

Score 0/36 Timer 01:30
45 Plays Today
% Correct
???
67.4%
???
66.4%
???
57.4%
???
55.7%
???
53.6%
???
53.3%
???
52.4%
???
52.2%
???
51.7%
???
51.5%
???
49.7%
???
48.7%
???
48.7%
???
48.1%
???
48.1%
???
48.1%
???
46.9%
???
46.7%
% Correct
???
46.3%
???
46%
???
45.8%
???
45.4%
???
45.1%
???
44.3%
???
43.8%
???
43.4%
???
42.8%
???
41.2%
???
40.4%
???
40.1%
???
40%
???
39.5%
???
37.8%
???
35.8%
???
35.3%
???
33.9%

You're not logged in!

Compare scores with friends on all Sporcle quizzes.
OR
Log In

Show Comments

Extras

Top Quizzes Today


Score Distribution

Your Account Isn't Verified!

In order to create a playlist on Sporcle, you need to verify the email address you used during registration. Go to your Sporcle Settings to finish the process.

Report this User

Report this user for behavior that violates our Community Guidelines.

Details: